The national gallery-London The central Italian schools

Saved in:
Bibliographic Details
Main Author: Holroyd, Charles (Author)
Format: Book
Language:English
Published: Londres George Newnes 1930
Series:The Art Galleries of Europe
Subjects:
Tags: Add Tag
No Tags, Be the first to tag this record!

MARC

LEADER 00000nam a2200000 a 4500
001 UCZ7877
003 CL-VaPUC
008 960112e19300000UK |||||||||||||||||eng|d
082 0 4 |a 708.2  |b HOL  |2 21 
100 0 |a Holroyd, Charles  |e author  |9 352881 
245 1 4 |a The national gallery-London The central Italian schools 
300 |a 48 p 
942 |c BK 
945 |d 19960112 00:00:00  |a mcarcey 
260 |a Londres  |b George Newnes  |c 1930 
650 0 |a Museos  |9 269209 
650 7 |a GALERIAS DE ARTE  |2 CL-VaPUC  |9 352882 
650 0 |a Pintura italiana  |9 265293 
650 0 |a Pintores italianos  |9 265277 
650 0 |a Arte italiano  |9 265547 
583 |a last modification  |c 19960112 00:00:00  |k Rodrigo Vera 
490 0 |a The Art Galleries of Europe 
999 |c 243868  |d 243866 
952 |0 0  |1 0  |4 0  |6 708_200000000000000_HOL_1930  |7 0  |8 A  |9 257703  |a BIBART  |b BIBART  |d 2019-11-19  |i 3143368  |o 708.2 HOL 1930  |p 3143368  |r 2025-03-13  |w 2019-11-19  |y BK  |k ART